Statistics for Constituent Countries of the World

Click here to take the quiz!

General Stats

  • This quiz has been taken 77 times
  • The average score is 13 of 22

Answer Stats

GroupAnswer% Correct
United KingdomEngland
97%
United KingdomScotland
95%
United KingdomWales
95%
United KingdomNorthern Ireland
94%
Kingdom of DenmarkGreenland
86%
Kingdom of the NetherlandsNetherlands
81%
Kingdom of the NetherlandsAruba
76%
Kingdom of DenmarkFaroe Islands
75%
Kingdom of DenmarkDenmark
73%
Realm of New ZealandCook Islands
67%
Realm of New ZealandNew Zealand
67%
United Arab EmiratesDubai
65%
Realm of New ZealandNiue
65%
United Arab EmiratesAbu Dhabi
60%
Kingdom of the NetherlandsCuraçao
59%
Kingdom of the NetherlandsSint Maarten
43%
Realm of New ZealandTokelau
29%
United Arab EmiratesSharjah
24%
United Arab EmiratesAjman
14%
United Arab EmiratesRas al-Khaimah
11%
United Arab EmiratesFujairah
10%
United Arab EmiratesUmm al-Quwain
5%

Score Distribution

Percentile by Number Answered

Percent of People with Each Score

Your Score History

You have not taken this quiz